[Event "EICC 2017"]
[Site "Minsk"]
[Date "2017.06.08"]
[Round "9"]
[White "Safarli, Eltaj"]
[Black "Bortnyk, Olexandr"]
[Result "1/2-1/2"]
[WhiteElo "2668"]
[BlackElo "2567"]
[Annotator "TA"]
[PlyCount "49"]
[EventDate "2017.??.??"]
[EventCountry "BLR"]
[SourceTitle "playchess.com"]
[Source "ChessBase"]
[SourceQuality "1"]

{[%evp 18,49,48,45,54,41,70,42,69,43,72,39,37,41,46,23,28,31,49,5,26,-6,-8,-16,0,0,8,8,9,6,5,7,13,2]} 1. e4 Nf6 2. e5 Nd5 3. d4 d6 4. Nf3 dxe5 5. Nxe5 c6 6. Be2 Bf5 {B04: Alekhine's Defence: 4 Nf3} (6... Nd7 7. Nf3 g6 8. O-O Bg7 9. c4 Nc7 10. Nc3 O-O 11. Bf4 Ne6 12. Be3 Nf6 13. h3 Qc7 14. Qd2 Rd8 15. Rad1 b6 16. Rfe1 Bb7 17. Qc1 Nh5 18. Bf1 {1-0 (36) Anand,V (2784)-Nakamura,H (2787) Zuerich 2016}) 7. O-O Nd7 8. Nf3 e6 9. c4 N5f6 10. Nc3 {LiveBook: 59 Games} Be7 11. Nh4 Bg6 12. g3 $146 ({Predecessor:} 12. Re1 O-O 13. Nxg6 hxg6 14. Bf3 {0-1 (71) Maki,V (2368)-Huovinen,J (2254) Finland 2015}) 12... Qc7 13. Bf3 Rd8 14. Qe2 O-O 15. Re1 Rfe8 16. Nxg6 hxg6 17. Bf4 Bd6 18. Bg5 (18. Be5 $5) 18... Bb4 19. Bf4 Qa5 {The position is equal.} 20. Rac1 e5 21. dxe5 Nxe5 (21... g5 $5) 22. Bxe5 Bd6 {[%cal Rd6e5]} 23. b4 Qxe5 24. Qxe5 Bxe5 25. Ne4 {Precision: White = 51%, Black = 48%.} 1/2-1/2

[Event "EICC 2017"]
[Site "Minsk"]
[Date "2017.06.08"]
[Round "9"]
[White "Motylev, Alexander"]
[Black "Fridman, Daniel"]
[Result "1/2-1/2"]
[WhiteElo "2665"]
[BlackElo "2605"]
[Annotator "TA"]
[PlyCount "41"]
[EventDate "2017.??.??"]
[EventCountry "BLR"]
[SourceTitle "playchess.com"]
[Source "ChessBase"]
[SourceQuality "1"]

{[%evp 21,41,12,15,18,19,18,33,9,52,47,61,56,69,61,67,53,56,32,62,46,48,47]} 1. e4 e5 2. Bc4 Nf6 3. d3 c6 4. Nf3 d5 5. Bb3 Bd6 6. Nc3 dxe4 7. Ng5 O-O 8. Ngxe4 Nxe4 9. Nxe4 Bf5 10. Qf3 {C24: Bishop's Opening: 2...Nf6} Bxe4 11. dxe4 Nd7 {LiveBook: 35 Games} 12. a3 {The position is equal.} (12. O-O Nc5 13. Be3 Nxb3 14. axb3 Qc7 15. Rfd1 a6 16. Bb6 Qxb6 17. Rxd6 Rad8 {½-½ (29) Ponomariov,R (2729)-Wang,Y (2691) Poikovsky 2012}) 12... Nc5 13. Ba2 Qh4 14. Be3 b6 $146 ({Of course not} 14... Nxe4 $6 15. g3 $16) ({Predecessor:} 14... Qxe4 15. Qxe4 Nxe4 16. O-O-O Rfd8 17. f3 Nf6 18. Bg5 Kf8 19. Bxf6 gxf6 20. c3 Ke7 {½-½ (20) Ryabov,Y (2109)-Tjurin,A (2321) Alushta 2009}) 15. O-O-O {White is slightly better.} Rad8 16. g4 Qe7 17. h4 {Threatens to win with Bg5.} Ne6 18. Kb1 Bc5 19. Bxe6 fxe6 20. Qg3 Bxe3 21. fxe3 1/2-1/2

[Event "EICC 2017"]
[Site "Minsk"]
[Date "2017.06.08"]
[Round "9"]
[White "Riazantsev, Alexander"]
[Black "Bocharov, Dmitry"]
[Result "1/2-1/2"]
[WhiteElo "2659"]
[BlackElo "2574"]
[Annotator "TA"]
[PlyCount "106"]
[EventDate "2017.??.??"]
[EventCountry "BLR"]
[SourceTitle "playchess.com"]
[Source "ChessBase"]
[SourceQuality "1"]

{[%evp 22,106,16,6,17,5,17,2,16,12,22,22,21,25,28,15,19,0,0,0,0,0,0,0,0,0,0,0,3,0,15,16,10,5,15,16,19,7,14,9,9,7,9,10,14,10,8,8,19,0,14,0,0,0,0,0,0,0,0,0,0,0,0,0,0,0,0,0,0,0,0,0,0,-3,0,0,0,0,8,8,8,0,0,0,0,0,0]} 1. d4 Nf6 2. c4 e6 3. Nc3 Bb4 4. e3 O-O 5. Bd3 d5 6. Nf3 c5 7. cxd5 exd5 {E53: Nimzo-Indian: Rubinstein: Main Line (4...0-0 5 Nf3 d5 6 Bd3 c5 7 0-0)} 8. dxc5 Nbd7 (8... Bxc5 9. O-O Nc6 10. h3 a6 11. b3 d4 12. exd4 Nxd4 13. Bb2 Ne6 14. Ne4 Be7 15. Qc2 Nd5 16. Nc3 Nf6 17. Rad1 Qa5 18. Rfe1 Rd8 {1-0 (28) Riazantsev,A (2651)-Bocharov,D (2611) Novosibirsk 2016}) 9. Bd2 Nxc5 10. Be2 Ne6 11. a3 Be7 12. O-O {LiveBook: 3 Games} a6 13. Rc1 b6 14. Na2 Bb7 {[#]} 15. Nb4 $146 ({Predecessor:} 15. Bc3) 15... Nc5 16. Bc3 Nfe4 17. Bd4 a5 18. Na2 Ne6 {The position is equal.} 19. Be5 Bf6 20. Nc3 Bxe5 21. Nxe5 {White wants to play Nxe4.} Nxc3 22. Rxc3 d4 23. Nc6 Bxc6 24. Rxc6 dxe3 25. Qxd8 exf2+ 26. Rxf2 Rfxd8 27. Rxb6 Rac8 28. Rb7 Nd4 29. Bd3 f5 30. h3 g6 31. Kh2 Kh8 32. Bf1 Rb8 33. Ra7 Nb3 34. Rc2 Rbc8 35. Rf2 (35. Rxc8 {with more complications.} Rxc8 36. a4 Rc1 37. Be2 f4 38. h4) 35... Rc5 36. g4 Rd2 37. Rxd2 Nxd2 $11 {[%mdl 4096] Endgame KRB-KRN} 38. Bd3 f4 39. Kg2 Rd5 40. Ba6 g5 41. b4 axb4 42. axb4 Rd4 43. Rb7 Ne4 44. Kf3 Ng3 45. Kf2 Rd2+ 46. Kf3 h6 47. Bc4 {b5 is the strong threat.} Rc2 48. Rh7+ Kxh7 49. Bd3+ Kg7 {[#] ( -> ...Rc3)} 50. Bxc2 {Threatens to win with b5.} Kf6 51. Bd3 Ke5 52. b5 Kd5 53. Kf2 Kc5 {Precision: White = 67%, Black = 82%.} 1/2-1/2

[Event "EICC 2017"]
[Site "Minsk"]
[Date "2017.06.08"]
[Round "9"]
[White "Kovalenko, Igor"]
[Black "Paichadze, Luka"]
[Result "1/2-1/2"]
[WhiteElo "2657"]
[BlackElo "2568"]
[Annotator "TA"]
[PlyCount "135"]
[EventDate "2017.??.??"]
[EventCountry "BLR"]
[SourceTitle "playchess.com"]
[Source "ChessBase"]
[SourceQuality "1"]

{[%evp 12,135,0,1,50,47,43,-165,41,50,49,47,53,45,46,46,39,45,60,46,39,37,47,47,57,0,0,0,0,-2,0,3,14,9,25,29,48,20,66,58,46,0,22,20,0,-12,0,0,0,0,0,-17,0,0,0,0,7,-34,20,20,17,4,43,43,43,32,36,35,66,79,95,52,79,77,107,95,81,83,122,123,125,117,125,126,175,185,176,184,183,176,175,15,7,9,0,0,0,0,0,0,0,0,0,0,0,0,0,0,0,0,0,0,0,0,0,0,0,0,0,0,0,0,0,0,0,0]} 1. c4 Nf6 2. Nc3 e5 3. Nf3 Nc6 4. e3 Bb4 5. Qc2 O-O 6. Nd5 Re8 7. Ng5 {LiveBook: 12 Games. White wants to play Nxf6+. A28: English Opening: Four Knights Variation} (7. Qf5 d6 8. Nxf6+ Qxf6 9. Qxf6 gxf6 10. a3 Bc5 11. b4 Bb6 12. Bb2 a5 13. b5 Ne7 14. d4 Ng6 15. a4 Bg4 16. O-O-O exd4 17. Bxd4 Bxd4 18. Rxd4 Bxf3 19. gxf3 {1-0 (34) Grischuk,A (2785)-Giri,A (2737) Elancourt 2013}) 7... h6 8. Nxf6+ Qxf6 9. Qh7+ {White is slightly better.} Kf8 10. Ne4 Qg6 11. Qxg6 fxg6 12. Bd3 $146 ({Predecessor:} 12. a3) 12... Be7 13. Nc3 Kf7 14. O-O g5 15. Be4 d6 16. d3 Bd8 17. Bd2 Ne7 {[%cal Bc6e7,Be7d5,Bd5f6][%mdl 32]} 18. c5 (18. b4 $14) 18... dxc5 $11 19. Na4 c6 20. Nxc5 Nd5 21. Rfc1 Nf6 22. Bf3 Bb6 (22... g4 $5 {[%cal Rg4f3]} 23. Bd1 Be7 $14) 23. Be2 Rd8 24. Be1 Rb8 25. a4 a5 26. Ra3 Bc7 27. Nb3 Ra8 28. e4 Be6 29. Nc5 Bc8 30. Nb3 {[%cal Bc5b3,Bb3d2,Bd2c4,Bc4e3,Be3d5][%mdl 32]} Be6 31. Kf1 b6 32. Nd2 c5 33. Bd1 Ke7 34. Ke2 Bg4+ ({Black should play} 34... Rd7 $15) 35. f3 Bd7 36. Nc4 Nh5 37. g3 Be6 38. Ne3 Nf6 39. Bb3 Bd7 40. Bc3 $36 {[%mdl 2048] Keeping Black busy.} g4 {[#]} 41. f4 $1 {[%mdl 512]} exf4 42. Bxf6+ $1 gxf6 43. Nd5+ Kd6 44. gxf4 Bc6 45. Nxf6 Ke7 46. e5 Rd4 {[#] White must now prevent ...Rad8.} 47. Rc4 $1 {[%cal Rc4d4] Strongly threatening Rxd4.} Bf3+ 48. Ke3 Rad8 49. Rxd4 cxd4+ 50. Kf2 Rf8 51. Bd5 $2 (51. h3 $18) 51... Bxe5 $1 {The position is equal.} 52. fxe5 Bxd5 {[%mdl 4096] Endgame KRB-KRN} 53. Kg3 Be6 54. Ra1 Rc8 55. Re1 Rc2 56. Re4 Rxb2 {Threatens to win with ...Rb4.} 57. Rxd4 b5 58. Nd5+ Bxd5 59. Rxd5 bxa4 60. Rxa5 {KR-KR} Rb4 61. Ra6 a3 62. Kh4 Rd4 63. Rxa3 Ke6 64. Kh5 Kxe5 65. Rc3 (65. Kxh6 $5 {[%cal Rh6g5]} Kf4 66. Kg7 $11) 65... Rf4 66. Rc5+ Kd6 67. Rc2 Rf3 68. Kxg4 {Precision: White = 80%, Black = 55%.} 1/2-1/2

[Event "EICC 2017"]
[Site "Minsk"]
[Date "2017.06.08"]
[Round "9"]
[White "Jones, Gawain C B"]
[Black "Jobava, Baadur"]
[Result "0-1"]
[WhiteElo "2654"]
[BlackElo "2713"]
[Annotator "TA"]
[PlyCount "50"]
[EventDate "2017.??.??"]
[EventCountry "BLR"]
[SourceTitle "playchess.com"]
[Source "ChessBase"]
[SourceQuality "1"]

{[%evp 9,50,-14,15,7,5,8,27,-11,11,6,16,-18,0,-24,-25,-19,-17,-91,-90,-101,-105,-89,-83,-84,-112,-104,-101,-194,-196,-183,-185,-183,-159,-206,-200,-187,-189,-29981,-29982,-29982,-29983,-29994,-29995]} 1. c4 c6 2. Nf3 d5 3. g3 dxc4 4. Bg2 Nd7 (4... h6 5. O-O Nd7 6. Na3 Nb6 7. Ne5 Qd4 8. Nexc4 Nxc4 9. Qa4 Qd7 10. Qxc4 Nf6 11. d4 e6 12. Rd1 Bxa3 13. bxa3 {½-½ (53) Khismatullin,D (2639)-Fedoseev,V (2658) Moscow 2017}) 5. Na3 e5 {[%cal Be7e5,Be5e4][%mdl 32]} 6. Qc2 {A11: English Opening: 1...c6} b5 $146 {[%cal Bb7b5,Bb5b4][%mdl 32]} ({Predecessor:} 6... Bxa3 7. bxa3 Ne7 8. Bb2 f6 9. Qxc4 Nb6 10. Qb3 Ned5 11. O-O Be6 12. Qc2 {1-0 (35) Gurevich,D (2520)-Bisguier,A (2455) Pasadena 1983}) 7. O-O Ngf6 8. b3 {White has an edge.} Bc5 9. bxc4 b4 10. Nb1 (10. d4 $5) 10... e4 $1 {[%cal Re4f3]} 11. Ng5 Bd4 $1 {[%cal Rd4a1]} 12. Bb2 Nc5 $36 {[%mdl 2048] Strongly threatening ...0-0. Black has the initiative.} 13. Nxe4 (13. d3 $1 $11 {keeps the balance.}) 13... Nfxe4 $17 (13... Bxb2 14. Nxc5 Bxa1 15. Bxc6+ Kf8 16. Bxa8 $18) 14. Bxe4 O-O $1 ({Not} 14... Bxb2 $2 15. Bxc6+ Bd7 16. Bxd7+ (16. Qxb2 Bxc6 17. Qxg7 Rf8 $15) 16... Qxd7 17. Qxb2 $18) 15. d3 Nxe4 16. dxe4 {aiming for Rd1.} Bh3 17. Re1 ({Avoid the trap} 17. Rd1 $2 Bxb2 18. Rxd8 Rfxd8 $19) 17... f5 $1 {[%cal Rf5e4]} 18. e3 (18. c5 $17 Rf7 19. e3 (19. Rd1 $2 Bxb2 20. Rxd8+ Rxd8 $19) 19... Bxb2 20. Qxb2) 18... Bxb2 $19 19. Qxb2 fxe4 20. Nd2 Qe7 21. Nb3 {[#]} Rf6 $1 22. c5 Raf8 23. Rac1 $2 (23. Re2 $19) 23... Rxf2 {Black mates.} 24. Qxf2 Rxf2 25. Kxf2 {[#]} Qf6+ $1 {Precision: White = 31%, Black = 89%.} 0-1

[Event "EICC 2017"]
[Site "Minsk"]
[Date "2017.06.08"]
[Round "9"]
[White "Kravtsiv, Martyn"]
[Black "Gelashvili, Tamaz"]
[Result "1/2-1/2"]
[WhiteElo "2653"]
[BlackElo "2563"]
[Annotator "TA"]
[PlyCount "63"]
[EventDate "2017.??.??"]
[EventCountry "BLR"]
[SourceTitle "playchess.com"]
[Source "ChessBase"]
[SourceQuality "1"]

{[%evp 30,63,33,18,23,29,27,25,25,25,42,47,145,100,128,0,0,0,0,0,5,-12,0,0,52,0,0,0,8,0,0,0,6,0,0,0]} 1. e4 c5 2. Nf3 e6 3. d4 cxd4 4. Nxd4 Nc6 5. Nc3 Qc7 6. Be2 a6 7. O-O Nf6 8. Be3 Be7 9. f4 d6 10. Kh1 O-O 11. Qe1 Nxd4 12. Bxd4 b5 13. Qg3 Bb7 14. a3 Bc6 15. Rae1 Rac8 {B85: Sicilian Scheveningen: 6 Be2 a6, lines with early Be3} 16. Bf3 {LiveBook: 6 Games} Rfd8 17. Nd1 {[#]} a5 $146 {White has an edge.} ({Predecessor:} 17... Ne8 18. c3 Qb7 19. Nf2 Kh8 20. Bd1 f6 21. Bb3 d5 22. Qh3 Nc7 23. e5 f5 24. g4 b4 25. gxf5 bxc3 26. Bc2 Qxb2 27. Rc1 {1-0 (27) Bologan,V (2608)-Oral,T (2521) Basel 1999}) 18. Ne3 Qb7 19. c3 Ne8 ({Don't blunder} 19... Bxe4 $2 20. Ng4 $18) 20. e5 b4 (20... dxe5 $14 21. fxe5 Rd7) 21. axb4 axb4 22. h4 (22. Bxc6 $16 Qxc6 23. Ng4) 22... Bxf3 $11 23. Rxf3 bxc3 24. bxc3 Qe4 25. exd6 Bxd6 26. h5 Kf8 (26... Rb8 $11) 27. Nc4 (27. h6 $5 g6 28. Nc4 $11) 27... Qf5 {The position is equal.} 28. Nxd6 Rxd6 29. Re5 Qb1+ 30. Re1 Qf5 31. Re5 Qb1+ 32. Re1 {Precision: White = 53%, Black = 44%.} 1/2-1/2

[Event "EICC 2017"]
[Site "Minsk"]
[Date "2017.06.08"]
[Round "9"]
[White "Sargissian, Gabriel"]
[Black "Blomqvist, Erik"]
[Result "1-0"]
[WhiteElo "2650"]
[BlackElo "2546"]
[Annotator "TA"]
[PlyCount "83"]
[EventDate "2017.??.??"]
[EventCountry "BLR"]
[SourceTitle "playchess.com"]
[Source "ChessBase"]
[SourceQuality "1"]

{[%evp 19,83,11,11,15,2,13,15,18,23,26,33,19,25,29,23,0,17,22,19,21,20,17,17,15,23,16,19,19,29,10,17,-72,-4,-11,-11,-11,-11,-12,-7,-7,-12,-12,-8,-12,-12,-27,0,0,0,0,0,-8,33,31,44,42,56,48,161,179,182,181,243,238,233,233]} 1. Nf3 d5 2. g3 Nf6 3. Bg2 e6 4. O-O Be7 5. d4 O-O 6. c4 dxc4 7. Qc2 a6 8. a4 c5 9. dxc5 Bxc5 {E05: Open Catalan: 5 Nf3 Be7} 10. Nbd2 (10. Qxc4 b6 11. Ne5 Ra7 12. Nc3 Bb7 13. Bxb7 Rxb7 14. Bg5 h6 15. Rad1 Qe7 16. Bxf6 Qxf6 17. Nd3 {1-0 (73) Aronian,L (2792)-Topalov,V (2761) Leuven 2016}) 10... b5 {LiveBook: 4 Games} 11. Ng5 Ra7 {The position is equal.} 12. Nde4 Nxe4 13. Nxe4 Bb6 $146 ({Predecessor:} 13... Bd4 14. Ng5 g6 15. axb5 axb5 16. Rxa7 Bxa7 17. Ne4 {½-½ (36) Bogosavljevic,B (2525)-Plenca,J (2422) Belgrade 2017}) 14. Bf4 e5 15. Bxe5 Nc6 16. Rfd1 Rd7 17. Bd6 {[#] Black must now prevent axb5.} Re8 {And now ...Nd4 would win.} 18. e3 Bb7 19. axb5 axb5 20. Bc5 Ne5 {aiming for ...Bxe4.} 21. Bxb6 Qxb6 22. Rxd7 Nxd7 23. Qd2 Ne5 24. Qd6 Qd8 25. Ra7 (25. Qd4 $1 $11 {remains equal.} Bd5 26. Nd6 Qxd6 27. Qxd5) 25... Bc6 (25... Bxe4 $1 $17 26. Qxd8 Rxd8 27. Bxe4 g6) 26. Rc7 Qa8 27. Nf6+ $1 gxf6 28. Bxc6 Re6 {Hoping for ...Qa1+.} 29. Bxa8 Rxd6 $11 {[%mdl 4096] Endgame KRB-KRN} 30. Rc5 Rd1+ 31. Kg2 b4 32. Bd5 Rd2 33. Bxc4 Rxb2 34. Rc7 b3 35. Bd5 Rc2 36. Rb7 b2 37. Be4 Rd2 38. Kf1 {Ke1 is the strong threat.} Ng4 ({Better is} 38... Nc4 $14) 39. Ke1 $18 {White is clearly better.} Rd6 40. Rxb2 Nxh2 {[#]} (40... Kg7 $142 41. h3 Ne5) 41. f3 $1 f5 42. Bb7 {Precision: White = 72%, Black = 53%.} ({Less strong is} 42. Rxh2 fxe4 43. fxe4 Rb6 $14) (42. Bxf5 Nxf3+ 43. Ke2 Ng5 $14) 1-0

[Event "EICC 2017"]
[Site "Minsk"]
[Date "2017.06.08"]
[Round "9"]
[White "Sutovsky, Emil"]
[Black "Forcen Esteban, Daniel"]
[Result "1-0"]
[WhiteElo "2646"]
[BlackElo "2545"]
[Annotator "TA"]
[PlyCount "47"]
[EventDate "2017.??.??"]
[EventCountry "BLR"]
[SourceTitle "playchess.com"]
[Source "ChessBase"]
[SourceQuality "1"]

{[%evp 17,47,14,12,6,30,27,23,13,18,0,0,0,32,26,55,49,43,27,22,14,25,0,270,70,874,859,858,839,29991,29991,29995,29996]} 1. e4 {[%cal Be2e4,Be4e5][%mdl 32]} e6 2. d4 d5 3. Nc3 Nf6 4. e5 Nfd7 5. f4 c5 6. Nf3 Be7 {C11: French: Classical System: 4 e5 and 4 Bg5 dxe4} 7. Be3 b6 8. h4 Nc6 9. h5 O-O {LiveBook: 3 Games} 10. Bb5 $146 ({Predecessor:} 10. h6 g6 11. Qd2 cxd4 12. Nxd4 Nxd4 13. Bxd4 Nb8 14. O-O-O {½-½ (39) Bartel,M (2638)-Tomczak,J (2601) Warsaw 2017}) 10... Ndb8 11. Qd2 a6 12. Bxc6 Nxc6 13. Qf2 cxd4 14. Nxd4 Qc7 15. O-O-O b5 16. Nxc6 Qxc6 17. f5 exf5 18. Nxd5 Bd8 $1 19. Qg3 Kh8 $2 {[%mdl 8192]} (19... Bb7 $11 {and Black has nothing to worry.}) 20. Nf4 $2 (20. h6 $18 {[%csl Gh6][%cal Rg3g7]} g6 21. Nb4) 20... h6 $2 {[%mdl 8192] [#]} (20... Be6 $14) 21. Ng6+ $1 $18 {[%mdl 512]} fxg6 22. hxg6 {White wants to mate with Rxh6+.} Qe4 {[#]} 23. Bxh6 $1 {[%mdl 512]} Qg4 (23... gxh6 24. g7+) 24. Bg5+ {Precision: White = 37%, Black = 29%.} 1-0

[Event "EICC 2017"]
[Site "Minsk"]
[Date "2017.06.08"]
[Round "9"]
[White "Lysyj, Igor"]
[Black "Potapov, Pavel"]
[Result "1/2-1/2"]
[WhiteElo "2643"]
[BlackElo "2497"]
[Annotator "TA"]
[PlyCount "76"]
[EventDate "2017.??.??"]
[EventCountry "BLR"]
[SourceTitle "playchess.com"]
[Source "ChessBase"]
[SourceQuality "1"]

{[%evp 13,76,105,103,71,72,48,54,53,49,0,12,0,0,0,0,-2,-2,0,0,-10,-1,0,0,0,7,-6,0,-11,-11,-43,-30,-29,-17,-26,-8,-41,-13,-13,0,0,0,0,0,0,0,0,0,0,0,0,0,0,0,0,0,-37,0,-31,0,0,0,-68,0,0,0]} 1. d4 f5 2. Bg5 g6 3. e3 Bg7 4. Nc3 (4. Nf3 Nf6 5. c4 d6 6. Nc3 O-O 7. Be2 c6 8. O-O h6 9. Bh4 Qe8 10. d5 Na6 11. Nd4 Bd7 12. Rc1 Rc8 13. a3 g5 14. Bg3 Nc5 {1-0 (35) Korobov,A (2692)-Lu,S (2627) Doha 2016}) 4... Nf6 5. h4 d5 6. h5 {A80: Dutch Defence: Unusual White second moves} Be6 7. h6 Bf8 {LiveBook: 3 Games} 8. Nf3 {White is better.} Nbd7 9. Bf4 c6 10. Bd3 $146 ({Predecessor:} 10. Qd2 Bf7 11. Ne5 e6 12. f3 Be7 13. g4 Nxe5 14. Bxe5 fxg4 15. fxg4 {1-0 (45) Khalifman,A (2515)-Legky,N (2350) Tashkent 1987}) 10... Bf7 11. Ne5 e6 12. Qf3 Nxe5 13. Bxe5 Bd6 14. Qg3 Bxe5 15. Qxe5 Rg8 16. O-O-O Qe7 17. f3 O-O-O 18. g4 Nd7 19. Qg3 e5 20. dxe5 Qxe5 21. f4 Qf6 22. gxf5 gxf5 23. Qh3 Rg4 24. Rdg1 Rdg8 25. Rxg4 Rxg4 26. Ne2 c5 {[#] Threatens to win with ...c4.} 27. Rg1 Rxg1+ 28. Nxg1 Bg6 $1 29. Nf3 c4 30. Be2 c3 31. Nd4 cxb2+ 32. Kxb2 Qb6+ 33. Kc1 Qa5 {aiming for ...Qe1+.} 34. Bd3 Qe1+ ({But not} 34... Qxa2 $2 35. Bxf5 Qa3+ 36. Kd2 $18) 35. Kb2 Qb4+ 36. Kc1 Qe1+ 37. Kb2 Qb4+ (37... Nb6 $1 $15) 38. Kc1 $11 Qe1+ {Precision: White = 55%, Black = 81%.} 1/2-1/2

[Event "EICC 2017"]
[Site "Minsk"]
[Date "2017.06.08"]
[Round "9"]
[White "Solak, Dragan"]
[Black "Kanmazalp, Ogulcan"]
[Result "1-0"]
[WhiteElo "2641"]
[BlackElo "2447"]
[Annotator "TA"]
[PlyCount "53"]
[EventDate "2017.??.??"]
[EventCountry "BLR"]
[SourceTitle "playchess.com"]
[Source "ChessBase"]
[SourceQuality "1"]

{[%evp 24,53,-16,-22,-13,-33,0,0,0,0,0,0,4,4,4,0,18,0,35,35,56,56,100,89,78,75,208,176,270,231,260,250]} 1. e4 e5 2. Nf3 Nc6 3. Bb5 a6 4. Bxc6 dxc6 5. O-O Bg4 6. h3 h5 7. d3 Qf6 8. Be3 Bxf3 9. Qxf3 Qxf3 10. gxf3 Bd6 11. Nd2 Ne7 {[%cal Bg8e7,Be7g6,Bg6h4][%mdl 32]} 12. Rfb1 Ng6 13. Kf1 {LiveBook: 5 Games. C68: Ruy Lopez: Exchange Variation, sidelines} f6 14. b4 {[#]} O-O-O $146 ({Predecessor:} 14... Nh4 15. Ke2 g5 16. Nc4 Ng6 17. c3 Kd7 18. Rb2 Ke6 19. Rg1 b6 20. Rbb1 Rab8 {½-½ (44) Ibarra Jerez,J (2538)-Muzychuk,A (2582) Caleta 2013}) 15. a4 {The position is equal.} b6 16. Nc4 Kb7 17. c3 Nh4 18. Ke2 g5 19. Rd1 Ng6 20. d4 Be7 (20... Rhg8 {with more complications.} 21. dxe5 Nxe5 22. Nxe5 Bxe5 23. Bd4 Rd6) 21. dxe5 $1 Nxe5 22. Rxd8 Rxd8 23. Nxe5 fxe5 $14 {KRB-KRB} 24. Rg1 Rg8 {[#]} (24... h4 $16 {was necessary.}) 25. h4 $1 $18 {[%mdl 512]} g4 (25... b5 $142 26. axb5 (26. hxg5 bxa4 27. f4 exf4 $14) 26... cxb5 27. hxg5 c5) (25... gxh4 26. Rxg8) 26. fxg4 hxg4 {[#]} 27. Bg5 $1 {[%mdl 512] Precision: White = 78%, Black = 50%.} 1-0

[Event "EICC 2017"]
[Site "Minsk"]
[Date "2017.06.08"]
[Round "9"]
[White "Kuzubov, Yuriy"]
[Black "Jakovenko, Dmitry"]
[Result "1/2-1/2"]
[WhiteElo "2637"]
[BlackElo "2718"]
[Annotator "TA"]
[PlyCount "60"]
[EventDate "2017.??.??"]
[EventCountry "BLR"]
[SourceTitle "playchess.com"]
[Source "ChessBase"]
[SourceQuality "1"]

{[%evp 29,60,1,16,12,25,28,26,16,10,11,11,11,8,6,6,6,8,0,0,0,0,0,0,0,0,0,0,0,0,0,-10,-10,0]} 1. d4 Nf6 2. c4 e6 3. g3 d5 4. Nf3 Bb4+ 5. Bd2 Be7 6. Bg2 O-O 7. O-O c6 8. Qc2 Nbd7 9. Rd1 b6 10. Bf4 Bb7 11. Ne5 Nh5 {E08: Closed Catalan: Main Line: 7 Qc2} 12. Bd2 Nhf6 13. cxd5 cxd5 14. Nc6 Bxc6 15. Qxc6 Qc8 {LiveBook: 4 Games} 16. Qxc8 {[#]} Raxc8 $146 ({Predecessor:} 16... Rfxc8 17. Nc3 a6 18. Rac1 b5 19. Nb1 {½-½ (34) Huzman,A (2582)-Vitiugov,N (2735) Jerusalem 2015}) 17. Nc3 Ne8 18. e4 dxe4 {The position is equal.} 19. d5 Nef6 20. dxe6 fxe6 21. Nxe4 Nxe4 22. Bxe4 Nf6 23. Bd3 Ng4 24. Be1 Bc5 25. Rd2 Rcd8 {...Ne5 is the strong threat.} 26. Rad1 {[#]} Rxd3 $1 {[%mdl 512]} 27. Rxd3 {And now Rd8 would win.} Bxf2+ 28. Kg2 $1 {Threatens to win with Bb4.} ({Don't blunder} 28. Kh1 $2 Bxe1 29. Kg2 Nf2 $19) 28... Ne3+ 29. Rxe3 $1 Bxe3 30. Rd7 Rf7 1/2-1/2

[Event "EICC 2017"]
[Site "Minsk"]
[Date "2017.06.08"]
[Round "9"]
[White "Romanov, Evgeny"]
[Black "Artemiev, Vladislav"]
[Result "1/2-1/2"]
[WhiteElo "2636"]
[BlackElo "2682"]
[Annotator "TA"]
[PlyCount "50"]
[EventDate "2017.??.??"]
[EventCountry "BLR"]
[SourceTitle "playchess.com"]
[Source "ChessBase"]
[SourceQuality "1"]

{[%evp 15,50,25,25,11,12,3,0,-22,-22,-23,-12,-12,-23,-12,-7,-18,-13,-23,-17,-22,-22,-22,-24,-15,-15,-15,-15,-16,-18,-36,-8,-12,-6,-7,0,0,0]} 1. c4 e5 2. Nc3 Nf6 3. Nf3 Nc6 4. g3 g6 5. d4 exd4 6. Nxd4 Bg7 {A29: English Opening: Four Knights Variation with 4 g3} 7. Nxc6 (7. Bf4 O-O 8. Nxc6 bxc6 9. Bg2 Rb8 10. Qc2 d5 11. Rd1 Bf5 12. Qc1 d4 13. O-O Nh5 14. e4 {0-1 (23) Jakovenko,D (2718)-Najer,E (2679) Poikovsky 2017}) 7... dxc6 8. Qxd8+ Kxd8 {LiveBook: 13 Games. White has an edge.} 9. Bg5 Be6 10. Ne4 Ke7 11. e3 Rhd8 $146 ({Predecessor:} 11... h6 12. Bxf6+ Bxf6 13. Nxf6 Kxf6 14. Bd3 {½-½ (31) Kovacevic,B (2429)-Panteleev,P (2335) Schwarzach 2013}) 12. f3 a5 (12... h6 $5 {[%cal Rh6g5]} 13. Bxf6+ Bxf6 $11) 13. h4 h6 14. Bxf6+ Bxf6 15. Nxf6 Kxf6 16. Rh2 Rd6 17. Rd2 Rxd2 18. Kxd2 $11 {[%mdl 4096] Endgame KRB-KRB} g5 19. hxg5+ hxg5 20. g4 Rh8 {Hoping for ...Rh2+.} 21. Bd3 Ke5 22. Rf1 Kd6 23. a4 {The position is equal.} Kc5 {With the idea ...Kb4.} 24. Kc3 Rh2 25. b3 Rh4 {Precision: White = 74%, Black = 42%.} 1/2-1/2